Oko /
V horách, v ústraní od sveta, žije kultový režisér hororových filmov Morbus Delacroix. Meno, ktoré medzi študentmi filmových škôl spôsobuje ošiaľ. K jeho fanúšikom patrí aj Judith Tallandierová a Delacroix prekvapivo súhlasí, že jej poskytne rozhovor. V rovnakom čase na nemocničnom lôžku v Toulouse...
Uloženo v:
| Série: | Martin Servaz (SK),
část 8 |
|---|---|
| Hlavní autor: | |
| Médium: | E-kniha |
| Jazyk: | Czech |
| Vydáno: |
Praha :
Albatros Media Slovakia s.r.o.,
2023
|
| Příbuzné jednotky: | Z cyklu::
Martin Servaz (SK) |
| Tagy: |
Žádné tagy |
| LEADER | 01589nam a22002417i 4500 | ||
|---|---|---|---|
| 001 | 312408 | ||
| 007 | ta | ||
| 008 | 260601s2023 xr ||||| |||| 00| 0 cze d | ||
| 020 | |a 9788056636473 | ||
| 044 | |a xr | ||
| 100 | 1 | |a Minier, Bernard |4 aut | |
| 245 | 1 | 0 | |a Oko / |c Minier, Bernard |
| 240 | 1 | 0 | |a Un oeil dans la nuit |
| 264 | 1 | |a Praha : |b Albatros Media Slovakia s.r.o., |c 2023 | |
| 300 | |a 1 online zdroj (400 stran) | ||
| 336 | |a text |b txt |2 rdacontent | ||
| 337 | |a bez média |b n |2 rdamedia | ||
| 338 | |a online zdroj |b cr |2 rdacarrier | ||
| 520 | 2 | |a V horách, v ústraní od sveta, žije kultový režisér hororových filmov Morbus Delacroix. Meno, ktoré medzi študentmi filmových škôl spôsobuje ošiaľ. K jeho fanúšikom patrí aj Judith Tallandierová a Delacroix prekvapivo súhlasí, že jej poskytne rozhovor. V rovnakom čase na nemocničnom lôžku v Toulouse nájdu mŕtveho experta na špeciálne efekty. Môže súvisieť jeho vražda s posledným Delacroixovým filmom, ktorý sa nikdy nepremietal? Pre Martina Servaza je to možno najväčšia záhada jeho kariéry. | |
| 787 | 0 | 8 | |g 8 |i Z cyklu: |t Martin Servaz (SK) |
| 910 | |a RBIT002 | ||
| 998 | |d 405983 |a https://core.palmknihy.cz/api/books/405983/cover?seffgm |b https://core.palmknihy.cz/api/books/405983/cover/400?seffgm |c https://core.palmknihy.cz/api/books/405983/cover/50?seffgm |e 2028-04-10 |g 400 |i 9788056636473 |j https://core.palmknihy.cz/api/books/405983/preview.epub |k https://core.palmknihy.cz/api/books/405983/preview.pdf |l |q 49 |r 1 |s https://www.palmknihy.cz/kniha/405983 |t ebook |y 2023 |z 1 |v Martin Servaz (SK) |w 8 | ||
| 999 | |d 312406 | ||